| 000 | 00912nas a2200253Ia 4500 | ||
|---|---|---|---|
| 001 | R055/E9843 | ||
| 003 | IT-RoPAU | ||
| 008 | 151124c99999999xx |||||||||||| ||und|| | ||
| 040 | _aIT-RoPAU | ||
| 040 | _cIT-RoPAU | ||
| 041 | _aITALIANO | ||
| 100 |
_aCauso Massimo _gCodice Aut. SPICS: 22994 |
||
| 210 | _aPANORAMICHE PANORAMIQUES | ||
| 222 | _aPanoramiche Panoramiques | ||
| 245 |
_aPANORAMICHE, ANNO 08-N.18 (1997) _bEquilibrio Delle Piccole Cose (L') |
||
| 250 | _a1a ed. | ||
| 260 |
_aVALLE D'AOSTA _bREGIONE AUTONOMA _c1997 |
||
| 501 |
_bPaulus - SPICS - Società San Paolo EM (non-commercial uses only) _cCopyright2015 |
||
| 300 | _a3 p. [9-11] | ||
| 362 | _aANNO 008, N.18 (1997) | ||
| 500 | _aConversazione con Silvio Soldini Sul Suo Cinema e in Particolare Sui Film:Un'Anima Divisa in Due, le Acrobate, L'Aria Serena dell'Ovest. | ||
| 650 |
_aCINEMA _vPUBBLICAZIONE PERIODICA |
||
| 942 | _cCR | ||
| 999 |
_c124681 _d124681 |
||